Statistics for NCAA Teams in Rhode Island

Click here to take the quiz!

General Stats

  • This quiz has been taken 30 times
  • The average score is 6 of 8

Answer Stats

Division I% Correct
A-10RamsRhode Island
100%
LECAnchormenRhode Island
92%
IvyBearsBrown
88%
BECFriarsProvidence
88%
NECBulldogsBryant
58%
CCCHawksRoger Williams
58%
CCCSeahawksSalve Regina
58%
GNACWildcatsJohnson & Wales
54%

Score Distribution

Percentile by Number Answered

Percent of People with Each Score

Your Score History

You have not taken this quiz